LEADER 00860nam0-2200289---450- 001 990009913290403321 005 20141201183109.0 035 $a000991329 035 $aFED01000991329 035 $a(Aleph)000991329FED01 035 $a000991329 100 $a20141105d1885----km-y0itay50------ba 101 0 $aita 102 $aIT 105 $a--------001yy 200 1 $a<>Mille e la Sicilia$ediscorso di Francesco Crispi pronunciato al Politeama Garibaldi di Palermo il 27 maggio 1885 210 $aRoma$cStab. tip. Italiano$d1885 215 $a18 p.$d19 cm 676 $a945.088 3 700 1$aCrispi,$bFrancesco$f<1818-1901>$0137237 801 0$aIT$bUNINA$gRICA$2UNIMARC 901 $aBK 912 $a990009913290403321 952 $aSG 900/B 142 (3)$bR.Bibl. 10894$fFLFBC 959 $aFLFBC 996 $aMille e la Sicilia$9831043 997 $aUNINA